Electron microscopy in human medicine / (Record no. 4909)

000 -LEADER
fixed length control field 00847cam a2200277 | 4500
003 - CONTROL NUMBER IDENTIFIER
control field CaAEU
005 - DATE AND TIME OF LATEST TRANSACTION
control field 20220330115657.0
008 - FIXED-LENGTH DATA ELEMENTS--GENERAL INFORMATION
fixed length control field 073080m19779999nyu b 0 eng x
020 ## - INTERNATIONAL STANDARD BOOK NUMBER
International Standard Book Number 0070325022
040 ## - CATALOGING SOURCE
Transcribing agency ALUPE UNIVERSITY
049 ## - LOCAL HOLDINGS (OCLC)
Holding library aeu
050 0# - LIBRARY OF CONGRESS CALL NUMBER
Classification number RB 43
Item number .E38 1977
090 0# - LOCALLY ASSIGNED LC-TYPE CALL NUMBER (OCLC); LOCAL CALL NUMBER (RLIN)
Classification number (OCLC) (R) ; Classification number, CALL (RLIN) (NR) RB 43 E38 1977
Local cutter number (OCLC) ; Book number/undivided call number, CALL (RLIN) AEU
245 00 - TITLE STATEMENT
Title Electron microscopy in human medicine /
Statement of responsibility, etc. edited by Jan Vincents Johannessen.
260 ## - PUBLICATION, DISTRIBUTION, ETC.
Place of publication, distribution, etc. New York :
Name of publisher, distributor, etc. McGraw-Hill International Book Co.,
Date of publication, distribution, etc. c1977-
300 ## - PHYSICAL DESCRIPTION
Extent v. :
Other physical details ill. ;
Dimensions 29 cm.
336 ## - CONTENT TYPE
Content type term text
Content type code txt
Source rdacontent
337 ## - MEDIA TYPE
Media type term unmediated
Media type code n
Source rdamedia
338 ## - CARRIER TYPE
Carrier type term volume
Carrier type code nc
Source rdacarrier
500 ## - GENERAL NOTE
General note TITLE ANALYTICS.
504 ## - BIBLIOGRAPHY, ETC. NOTE
Bibliography, etc. note Includes bibliographical references.
650 #0 - SUBJECT ADDED ENTRY--TOPICAL TERM
Topical term or geographic name entry element Electron microscopy.
650 #0 - SUBJECT ADDED ENTRY--TOPICAL TERM
Topical term or geographic name entry element Medical microscopy.
700 1# - ADDED ENTRY--PERSONAL NAME
Personal name Johannessen, Jan Vincents.
942 ## - ADDED ENTRY ELEMENTS (KOHA)
Source of classification or shelving scheme
Koha item type Book

No items available.

Powered by Koha